| 000 | 00357nam a2200133Ia 4500 | ||
|---|---|---|---|
| 008 | 210430s9999 xx 000 0 und d | ||
| 020 | _a81-219-2822-2 | ||
| 082 | _a620.1 K459 S | ||
| 100 |
_aR.S.Khurmi _927450 |
||
| 245 |
_aStrength of Materials (Mechanics of Solids) _cR.S.Khurmi |
||
| 260 |
_aIndia _bS.Chand _c2009 |
||
| 300 | _a862p | ||
| 942 |
_cBK _2ddc |
||
| 999 |
_c564570 _d564570 |
||